Den vilda staden : (Post nr. 56359)

MARC-detaljer
000 -LEADER
fixed length control field 05344cam a2201093 ar4500
001 - CONTROL NUMBER
control field 9456937
003 - CONTROL NUMBER IDENTIFIER
control field LIBRIS
005 - DATE AND TIME OF LATEST TRANSACTION
control field 20210308124036.0
008 - FIXED-LENGTH DATA ELEMENTS--GENERAL INFORMATION
fixed length control field 040413s2004 sw ||||j||||||000 0|swe|
020 ## - INTERNATIONAL STANDARD BOOK NUMBER
International Standard Book Number 9172990856
Qualifying information inb.
035 ## - SYSTEM CONTROL NUMBER
System control number (Bo)356248
035 ## - SYSTEM CONTROL NUMBER
System control number (Mo)b1530155
040 ## - CATALOGING SOURCE
Original cataloging agency NB
Description conventions a
041 ## - LANGUAGE CODE
Language code of text/sound track or separate title swe
082 04 - DEWEY DECIMAL CLASSIFICATION NUMBER
Classification number 590
Edition number 22 (machine generated)
084 ## - OTHER CLASSIFICATION NUMBER
Classification number Ug,u
Number source kssb/7
084 ## - OTHER CLASSIFICATION NUMBER
Classification number Ug,u
Number source kssb/8
100 1# - MAIN ENTRY--PERSONAL NAME
Personal name Casta, Stefan,
Dates associated with a name 1949-
Authority record control number or standard number https://libris.kb.se/sq4660xb0bznwv7#it
245 04 - TITLE STATEMENT
Title Den vilda staden :
Remainder of title boken om djuren som flyttar till stan /
Statement of responsibility, etc. Stefan Casta, Staffan Ullström ; fackgranskad av Johnny Karlsson.
250 ## - EDITION STATEMENT
Edition statement [Ny, omarb. uppl.]
264 #1 - PRODUCTION, PUBLICATION, DISTRIBUTION, MANUFACTURE, AND COPYRIGHT NOTICE
Place of production, publication, distribution, manufacture Bromma :
Name of producer, publisher, distributor, manufacturer Opal,
Date of production, publication, distribution, manufacture, or copyright notice cop. 2004
264 #3 - PRODUCTION, PUBLICATION, DISTRIBUTION, MANUFACTURE, AND COPYRIGHT NOTICE
Place of production, publication, distribution, manufacture Italien
300 ## - PHYSICAL DESCRIPTION
Extent 110 s.
Other physical details ill. (huvudsakligen i färg)
Dimensions 26 cm
340 ## - PHYSICAL MEDIUM
Dimensions 26 cm
500 ## - GENERAL NOTE
Institution to which field applies Li
General note Pliktex.
500 ## - GENERAL NOTE
Institution to which field applies Mo
General note svenska
650 #7 - SUBJECT ADDED ENTRY--TOPICAL TERM
Topical term or geographic name entry element Vilda djur
Form subdivision barn- och ungdomslitteratur
Source of heading or term barn
650 #4 - SUBJECT ADDED ENTRY--TOPICAL TERM
Topical term or geographic name entry element Faktaböcker barn
653 ## - INDEX TERM--UNCONTROLLED
Uncontrolled term Vilda djur
655 #7 - INDEX TERM--GENRE/FORM
Genre/form data or focus term Faktaböcker
Authority record control number or standard number https://id.kb.se/term/barngf/Faktab%C3%B6cker
Source of term barngf
655 #4 - INDEX TERM--GENRE/FORM
Institution to which field applies Mo
Genre/form data or focus term Bok
700 1# - ADDED ENTRY--PERSONAL NAME
Personal name Ullström, Staffan,
Dates associated with a name 1949-
Authority record control number or standard number https://libris.kb.se/hftwxfj14nbczxh#it
775 0# - OTHER EDITION ENTRY
Title Den vilda staden
Place, publisher, and date of publication 1994
International Standard Book Number 91-7270-724-0
Record control number 7631098
887 ## - NON-MARC INFORMATION FIELD
Content of non-MARC field {"@id":"wd65kgx70pdfh88","modified":"2018-10-30T23:00:00+01:00","checksum":"112056562862"}
Source of data librisxl
887 ## - NON-MARC INFORMATION FIELD
Content of non-MARC field {"@id":"jnvjn7bp4gztzj3","modified":"2014-08-25T11:04:32+02:00","checksum":"44765249220"}
Source of data librisxl
887 ## - NON-MARC INFORMATION FIELD
Content of non-MARC field {"@id":"fkspgl7l2m5rjb6","modified":"2016-01-25T11:48:00+01:00","checksum":"46607700264"}
Source of data librisxl
887 ## - NON-MARC INFORMATION FIELD
Content of non-MARC field {"@id":"qv2p44kw00cf8mm","modified":"2014-04-01T11:10:48+02:00","checksum":"39337495411"}
Source of data librisxl
887 ## - NON-MARC INFORMATION FIELD
Content of non-MARC field {"@id":"nszrzl6t523lzdd","modified":"2017-02-07T13:48:00+01:00","checksum":"49852995177"}
Source of data librisxl
887 ## - NON-MARC INFORMATION FIELD
Content of non-MARC field {"@id":"8dl0jj1f3js18gg","modified":"2012-04-03T09:28:05+02:00","checksum":"56270805780"}
Source of data librisxl
887 ## - NON-MARC INFORMATION FIELD
Content of non-MARC field {"@id":"04921h052tmszc2","modified":"2016-03-07T09:51:34+01:00","checksum":"52858636250"}
Source of data librisxl
887 ## - NON-MARC INFORMATION FIELD
Content of non-MARC field {"@id":"59g77msb4mk9szq","modified":"2004-07-14T12:01:46+02:00","checksum":"45751932274"}
Source of data librisxl
887 ## - NON-MARC INFORMATION FIELD
Content of non-MARC field {"@id":"v05z47q15vpv1gn","modified":"2014-12-08T10:58:24+01:00","checksum":"49037995575"}
Source of data librisxl
887 ## - NON-MARC INFORMATION FIELD
Content of non-MARC field {"@id":"59jbvh1b56pqnk0","modified":"2015-06-22T10:30:53+02:00","checksum":"42857593500"}
Source of data librisxl
887 ## - NON-MARC INFORMATION FIELD
Content of non-MARC field {"@id":"pt11lptv171r3xp","modified":"2009-03-03T13:46:55+01:00","checksum":"40980925287"}
Source of data librisxl
887 ## - NON-MARC INFORMATION FIELD
Content of non-MARC field {"@id":"bgmd496h0j7rl09","modified":"2004-04-13T12:48:14+02:00","checksum":"50095893186"}
Source of data librisxl
887 ## - NON-MARC INFORMATION FIELD
Content of non-MARC field {"@id":"w16z08421b8j78b","modified":"2004-08-04T09:14:53+02:00","checksum":"49297532913"}
Source of data librisxl
887 ## - NON-MARC INFORMATION FIELD
Content of non-MARC field {"@id":"w16zpvs249p70w6","modified":"2004-04-13T12:48:32+02:00","checksum":"50073800086"}
Source of data librisxl
887 ## - NON-MARC INFORMATION FIELD
Content of non-MARC field {"@id":"x270qws342n8hk1","modified":"2004-04-13T12:47:50+02:00","checksum":"56630881374"}
Source of data librisxl
887 ## - NON-MARC INFORMATION FIELD
Content of non-MARC field {"@id":"59g74kjb54kh43r","modified":"2004-05-25T13:51:22+02:00","checksum":"63171383782"}
Source of data librisxl
887 ## - NON-MARC INFORMATION FIELD
Content of non-MARC field {"@id":"9fmqg82g29cll54","modified":"2013-08-01T10:59:24+02:00","checksum":"49438747101"}
Source of data librisxl
887 ## - NON-MARC INFORMATION FIELD
Content of non-MARC field {"@id":"z3812tg44b8490d","modified":"2004-08-12T14:59:40+02:00","checksum":"52679439230"}
Source of data librisxl
887 ## - NON-MARC INFORMATION FIELD
Content of non-MARC field {"@id":"ns0t1rmt4sptxk9","modified":"2006-02-07T15:05:37+01:00","checksum":"51978487790"}
Source of data librisxl
900 1s - EQUIVALENCE OR CROSS-REFERENCE-PERSONAL NAME [LOCAL, CANADA]
Linkage 100
Dates associated with a name 1949-
Affiliation Casta, Stefan,
Dates associated with a name 1949-
900 1s - EQUIVALENCE OR CROSS-REFERENCE-PERSONAL NAME [LOCAL, CANADA]
Linkage 100
Dates associated with a name 1949-
Affiliation Casta, Stefan,
Dates associated with a name 1949-
900 1s - EQUIVALENCE OR CROSS-REFERENCE-PERSONAL NAME [LOCAL, CANADA]
Linkage 700
Dates associated with a name 1949-
Affiliation Ullström, Staffan,
Dates associated with a name 1949-
900 1s - EQUIVALENCE OR CROSS-REFERENCE-PERSONAL NAME [LOCAL, CANADA]
Linkage 700
Dates associated with a name 1949-
Affiliation Ullström, Staffan,
Dates associated with a name 1949-
942 ## - ADDED ENTRY ELEMENTS (KOHA)
Source of classification or shelving scheme Other/Generic Classification Scheme
Koha item type Bok
Bestånd
Withdrawn status Lost status Source of classification or shelving scheme Damaged status Not for loan Home library Current library Date acquired Total Checkouts Total Renewals Full call number Barcode Date due Date last seen Date last checked out Price effective from Koha item type
    Other/Generic Classification Scheme     Karlskoga Lasarettsbibliotek Karlskoga Lasarettsbibliotek 08/03/2021 2 8 uUg 8004145912547 31/08/2025 17/05/2022 17/05/2022 08/03/2021 Bok
Medicinska biblioteket, Karlskoga lasarett
Måndag och onsdag: 10.00-14.30, Lunchstängt 11.30-12.00.
Fredagar: 10.00-12.00.

Madelene Ribbing, bibliotekarie
Lena Mileraux, biblioteksassistent/administratör
0586-664 49
medbibl.kgalas@regionorebrolan.se




Medicinska biblioteket, Lindesbergs lasarett
Dörren till bibliotket är upplåst mellan 07-16:00 på vardagar.
Dörren i hisshallen är öppen måndag - tosdag 7.00 - 15.00. Fredagar stängt.

Bibliotekets bemanning:
Mån: självbetjäning
Tis, ons och tors: 10-15
Fre: självbetjäning

Madelene Ribbing, bibliotekarie
Telefon: 0581-853 11, 072-14 77 552
medbibl.lbglas@regionorebrolan.se